000 00509nam a22001937a 4500
003 MPLRDC
005 20220104123331.0
008 210129b ||||| |||| 00| 0 eng d
020 _a957-552-316-4
082 _a293.1 CSJ-2
100 _a蔡上机编著
245 _a紫微斗数命运宝典(高册)
_c
250 _a初版6刷
260 _a
_b益群书店股份有限公司
_c1999
300 _b
490 _a命理乾坤丛书. 21
650 _a命书--紫微斗数
942 _cBK
_o293.1 CSJ-2
999 _c10540
_d10530